| 000 | 00509pam a2200169 4500 | ||
|---|---|---|---|
| 001 | 900 | ||
| 005 | 20181127162247.0 | ||
| 008 | 891017s1989 nyu 001 0 eng | ||
| 010 | _a 89018196 | ||
| 020 | _a0517682362 | ||
| 245 | 0 | 0 |
_a2,715 one-line quotations for speakers, writers & raconteurs / _c[compiled by] Edward F. Murphy. |
| 260 |
_aNew York : _bBonanza Books, _c1989. |
||
| 300 |
_a216 p. ; _c24 cm. |
||
| 500 | _aIncludes index. | ||
| 650 | 0 | _aQuotations, English. | |
| 700 | 1 |
_aMurphy, Edward F., _d1921- |
|
| 999 |
_c639 _d639 |
||